World topics Year book 1973 (Бичлэгийн дугаар. 146047)
| 000 -УДИРДЛАГА | |
|---|---|
| Удирдлага | 00587nam a22002177a 4500 |
| 003 - ХЯНАЛТЫН ТОО ТОДОРХОЙЛОГЧ | |
| Код | MN-UlNUM |
| 005 - БИЧИЛТ ХИЙСЭН ОГНОО | |
| Тухайн бичилтийг бичсэн засварласан сүүлийн огноо | 20260102111505.0 |
| 008 - ЕРӨНХИЙ МЭДЭЭЛЭЛ | |
| Ерөнхий мэдээлэл | 260102s1973 iluabo|| |||| 00| 0 eng | |
| 040 ## - БИЧЛЭГ ҮҮСГЭГЧ БАЙГУУЛЛАГА | |
| Бичлэг үүсгэгч номын сангийн код | МУИС-ийн номын сан |
| 084 ## - ББК АНГИЛАЛ | |
| Нэмэлт тусгалт | Номзүйн гарын авлага, лавлах хэвлэл |
| ББК ангилал | 92я2 |
| Зохиогчийн гурван тэмдэгт | W 80 |
| Мэдлэгийн ялгаа | 9 - Лавлах хэвлэл |
| 245 ## - ҮНДСЭН ГАРЧИГ | |
| Номын нэр | World topics Year book 1973 |
| 260 ## - ГАРАЛТЫН МЭДЭЭ | |
| Хэвлэгдсэн газар | Lake Bluff, Ill., |
| Хэвлэлийн газар | Tangley Oaks Educational Center. |
| Хэвлэгдсэн он | 1973. |
| 300 ## - МАТЕРИАЛЫН ТОДОРХОЙЛОЛТ | |
| хуудасны тоо | 512p.: |
| Бусад тоон мэдээлэл | illustrations, portraits |
| Хэмжээ | 25 cm |
| 500 ## - Тайлбар | |
| Дансны дугаар | БС 4806 |
| 546 ## - ХЭЛНИЙ ТУХАЙ МЭДЭЭ | |
| Хэл | Англи хэл дээр, |
| 653 ## - Түлхүүр үг | |
| Түлхүүр үг | year book |
| 653 ## - Түлхүүр үг | |
| Түлхүүр үг | reference book |
| 653 ## - Түлхүүр үг | |
| Түлхүүр үг | world chronology |
| 942 ## - ЭЛЕМЕНТИЙН ТӨРӨЛ | |
| Зүйлийн төрөл | Ном |
